| 000 | 00453nam a22001697a 4500 | ||
|---|---|---|---|
| 999 |
_c41255 _d41255 |
||
| 003 | OSt | ||
| 005 | 20210412111851.0 | ||
| 008 | 210412b ||||| |||| 00| 0 eng d | ||
| 020 | _a9788182715288 | ||
| 040 | _coclc | ||
| 082 |
_a297 _bUBA/A |
||
| 100 |
_92102 _aUbaid, T K |
||
| 245 |
_aAllahu/ _cT K Ubaid |
||
| 260 |
_aKozhikode: _bIslamic Publishing House |
||
| 300 | _a102 Pages | ||
| 942 |
_2ddc _cBK _h297 _iUBA/A _k297 _mUBA/A |
||